000 00874nam a22002417a 4500
999 _c10282
_d10282
003 AR-CdUCM
008 190329b ||||| |||| 00| 0 spa d
040 _aMUNICIPALIDAD PROVINCIAL DEL CUSCO
_cBIBLIOTECA MUNICIPAL DEL CUSCO
082 _a343.6 /
_bF89 / 1878
100 _aFuentes, Manuel A.
_927054
245 _aCompendio del curso de derecho administrativo :
_bprofesado en la facultad de ciencias politicas y administrativas /
260 _aLima :
_bImprenta del estado,
_c1878.
300 _a490 paginas ;
_c20 cm.
500 _aTapa de cuero
505 _aContenido: El derecho -- los poderes -- la autoridad -- La administracion -- necesidades sociales...
650 _aDerecho
_9739
650 _aAdministrativo
_927055
650 _aGobierno
_92618
650 _aLeyes
_94808
700 _aFodere, Pradier
_927056
942 _2ddc
_cLIBROS
945 _apjha